Akta Keterangan, 1950 (Akta 56) : (Mengandungi semua pindaan hingga 10hb Januari 2003)

Bibliographic Details
Corporate Author: Malaysia
Format: Book
Published: Kuala Lumpur : International Law Book Services , 2003
Series:Undang-undang Malaysia
Subjects:

MARC

LEADER 00000cam a2200000 7i4500
001 0000003311
005 20050823.0
020 0 0 |a 9678904381 
090 0 0 |a 347.59506   |b MAL 
110 1 0 |a Malaysia 
245 1 0 |a Akta Keterangan, 1950 (Akta 56) :   |b (Mengandungi semua pindaan hingga 10hb Januari 2003)   |c disusun oleh Lembaga Penyelidikan Undang-Undang 
260 0 0 |a Kuala Lumpur :   |b International Law Book Services ,   |c 2003 
300 |a ix, 99ms. ;   |c 24cm. 
440 0 0 |a Undang-undang Malaysia 
650 0 0 |a Evidence (Law)   |z Malaysia 
710 2 1 |a Malaysia.   |t Evidence Act 1950 
999 |a 0000005174   |b Monograph   |c Acts   |e Default branch